| 000 | 00312 a2200133 4500 | ||
|---|---|---|---|
| 001 | 55514 | ||
| 082 | _a304.2 KUB | ||
| 090 |
_c34449 _d34449 |
||
| 100 | _aKuby, Michael | ||
| 245 | _aHuman geography in action, 3rd Ed with CD | ||
| 250 | _a3 | ||
| 260 |
_aNJ USA _bJohn Wiely & Sons _c2004 |
||
| 500 | _aCD/DVD | ||
| 942 |
_aNUST-CAE _k304.2 KUB |
||
| 999 |
_c290587 _d290587 |
||